书目信息 |
| 题名: |
注册电气工程师资质考试实战练习——建筑电气
|
|
| 作者: | 唐海 主编 | |
| 分册: | ||
| 出版信息: | 2004.03 |
|
| 页数: | 294页 | |
| 开本: | 26cm | |
| 丛书名: | ||
| 单 册: | ||
| 中图分类: | TU85-44 | |
| 科图分类: | ||
| 主题词: | 房屋建筑设备:机电设备 | |
| 电子资源: | ||
| ISBN: | 7-5083-1892-7 | |
| 000 | 00589nam0 2200181 45 | |
| 001 | 0460279605 | |
| 005 | 2004062416443960 | |
| 010 | @a7-5083-1892-7@dCNY 30.00 | |
| 100 | @a20040624d2004 km y0chiy0120 ea | |
| 101 | 0 | @achi |
| 200 | 1 | @a注册电气工程师资质考试实战练习——建筑电气@Azhu ce dian qi gong cheng shi zi zhi kao shi shi zhan lian xi——jian zhu dian qi@f唐海主编@Ftang hai zhu bian |
| 210 | @d2004.03 | |
| 215 | @a294页@d26cm | |
| 606 | 0 | @a房屋建筑设备:机电设备 |
| 690 | 1 | @aTU85-44@v4 |
| 701 | 0 | @a唐海@Atang hai@4主编 |
| 801 | 0 | @aCN@bPFT@c20040624 |
| 905 | @a10447@dTU85-44@eT243 | |
| 注册电气工程师资质考试实战练习——建筑电气/唐海主编.-2004.03 |
| 294页;26cm |
| ISBN 7-5083-1892-7:CNY 30.00 |
| ● |
| 相关链接 |
|
|
|
正题名:注册电气工程师资质考试实战练习——建筑电
索取号:TU85-44/T243
 
预约/预借
| 序号 | 登录号 | 条形码 | 馆藏地/架位号 | 状态 | 备注 |
| 1 | 382895 | 203828956 | 建筑库201/201建筑库 84排2列4层/ [索取号:TU85-44/T243] | 在馆 | |
| 2 | 382896 | 203828965 | 建筑库201/201建筑库 84排2列4层/ [索取号:TU85-44/T243] | 在馆 | |
| 3 | 382897 | 203828974 | 建筑库201/201建筑库 84排2列4层/ [索取号:TU85-44/T243] | 在馆 |